| 000 | 00678cab a2200241 4500 | ||
|---|---|---|---|
| 001 | WB3415-54 | ||
| 008 | 090401t1998 xxu||||| |||| 00| 0 eng d | ||
| 035 | _a(Sirsi) u85649 | ||
| 041 | _aeng | ||
| 245 | _aRussia | ||
| 260 | _c1998 | ||
| 350 | _a0 | ||
| 490 |
_aFinancial Times _v15 April 1998 (12) LOAN |
||
| 520 | _aSurvey on Russia. Covers the economy, politics, banking and finance, foreign policy, agriculture, the oil industry and a business guide to Moscow. | ||
| 650 | _aCHECHNYA | ||
| 650 | _aEASTERN EUROPE | ||
| 650 | _aFORMER SOVIET UNION | ||
| 650 | _aMOSCOW | ||
| 650 | _aRUSSIA | ||
| 690 | _aOVERSEAS-EUROPE | ||
| 942 | _n0 | ||
| 948 | _c16/04/1998 | ||
| 999 |
_c53866 _d53866 |
||